[Event "SVE Seniors op 2nd"]
[Site "Eidelstedt"]
[Date "2019.08.05"]
[Round "7"]
[White "Cassens, Erhard Otto"]
[Black "Juers, Juergen"]
[Result "1-0"]
[WhiteElo "1852"]
[BlackElo "1660"]
[PlyCount "175"]
[EventDate "2019.07.15"]
[EventType "swiss"]
[EventRounds "7"]
[EventCountry "GER"]
[SourceTitle "EXT 2020"]
[Source "ChessBase"]
[SourceDate "2019.10.17"]
[SourceVersion "1"]
[SourceVersionDate "2019.10.17"]
[SourceQuality "1"]

1. d4 Nf6 2. g3 e6 3. Bg2 d5 4. c3 Nbd7 5. Nd2 Be7 6. Qc2 e5 7. dxe5 Nxe5 8. Ngf3 Nxf3+ 9. Nxf3 c6 10. 0-0 0-0 11. b3 Ne4 12. Bb2 Bf5 13. Qc1 Bf6 14. Nd4 Bxd4 15. cxd4 Qd7 16. f3 Nd6 17. Qf4 Rfe8 18. Rf2 Bg6 19. g4 a5 20. h4 h6 21. Re1 b5 22. e4 Re7 23. e5 Rae8 24. Rc1 Nc8 25. Rc5 Na7 26. Qd2 Qc7 27. f4 Qb6 28. f5 Bh7 29. Rc1 b4 30. Qc2 f6 31. Qc5 Qd8 32. h5 Kf8 33. a3 bxa3 34. Bxa3 Kg8 35. e6 Rb7 36. Bb2 Qb8 37. Qxa5 Rxb3 38. Bc3 Nb5 39. Rf3 Qb7 40. Qa2 Nxc3 41. Rfxc3 Rxc3 42. Rxc3 Ra8 43. Ra3 Rb8 44. Qc2 Qb4 45. Rd3 Qe1+ 46. Kh2 Qh4+ 47. Bh3 Qe1 48. Rd1 Qe3 49. Qd2 Qf3 50. Rf1 Qa3 51. Rf2 Rb1 52. Qe2 Kf8 53. Qa2 Qd6+ 54. Kg2 Qb8 55. Qa3+ Ke8 56. Qa4 Qb7 57. Rc2 Rb2 58. Kg1 Rb1+ 59. Bf1 Rb6 60. Ra2 Rb4 61. Qa8+ Qxa8 62. Rxa8+ Ke7 63. Ra7+ Kf8 64. Rc7 Rxd4 65. Be2 Rd2 66. Kf2 Rc2 67. Ke3 d4+ 68. Kd3 Rc1 69. Kd2 Rc3 70. Rc8+ Ke7 71. Rh8 Bxf5 72. gxf5 Re3 73. Rc8 Kd6 74. Rd8+ Ke7 75. Rd7+ Kf8 76. Rc7 Rc3 77. Bd1 c5 78. Ba4 Re3 79. Rxc5 Re5 80. Rc8+ Ke7 81. Bc2 Re3 82. Rc7+ Kf8 83. Rd7 Rh3 84. Bd1 Rh2+ 85. Kd3 Rf2 86. Ke4 Rf1 87. Bf3 Rf2 88. Rxd4 1-0

[Event "SVE Seniors op 2nd"]
[Site "Eidelstedt"]
[Date "2019.07.15"]
[Round "1"]
[White "Juers, Juergen"]
[Black "Kock, Rudolf"]
[Result "1-0"]
[WhiteElo "1660"]
[BlackElo "1570"]
[PlyCount "70"]
[EventDate "2019.07.15"]
[EventType "swiss"]
[EventRounds "7"]
[EventCountry "GER"]
[SourceTitle "EXT 2020"]
[Source "ChessBase"]
[SourceDate "2019.10.17"]
[SourceVersion "1"]
[SourceVersionDate "2019.10.17"]
[SourceQuality "1"]

1. d4 g6 2. c4 Bg7 3. Nc3 d6 4. e4 e6 5. Be3 Ne7 6. Qd2 Nd7 7. Bh6 0-0 8. Nf3 f5 9. Bd3 Rf7 10. Bxg7 Rxg7 11. Ng5 Nf8 12. 0-0 h6 13. Nf3 Rh7 14. e5 a6 15. d5 Qe8 16. exd6 cxd6 17. dxe6 Bxe6 18. Rfe1 Qd7 19. Qe2 Re8 20. Rad1 Nc6 21. Nd5 Qd8 22. a3 Bd7 23. Qd2 Ne5 24. Nxe5 dxe5 25. Qc3 Bc6 26. Rxe5 Bxd5 27. Rxd5 Rd7 28. Bf1 Rxd5 29. Rxd5 Qg5 30. Re5 Rd8 31. c5 Qd2 32. Qb3+ Kh8 33. Qxb7 Nd7 34. Rd5 Nxc5 35. Rxc5 Rd7 1-0

[Event "Pinneberg-ch"]
[Site "Pinneberg"]
[Date "2010.09.23"]
[Round "5"]
[White "Juers, Juergen"]
[Black "Hochreiner, Juergen"]
[Result "1-0"]
[WhiteElo "1721"]
[BlackElo "1839"]
[PlyCount "99"]
[EventDate "2010.08.26"]
[EventType "swiss"]
[EventRounds "7"]
[EventCountry "GER"]
[SourceTitle "EXT 2011"]
[Source "ChessBase"]
[SourceDate "2010.11.26"]
[SourceVersion "1"]
[SourceVersionDate "2010.11.26"]
[SourceQuality "1"]

1. d4 d5 2. Nf3 Nf6 3. e3 e6 4. Bd3 Be7 5. Nbd2 0-0 6. 0-0 c5 7. dxc5 Bxc5 8. e4 Nc6 9. c3 Bb6 10. h3 Qd6 11. Re1 Qg3 12. Qe2 e5 13. Nf1 Qg6 14. exd5 e4 15. Bxe4 Nxe4 16. Qxe4 Qxe4 17. Rxe4 Nb8 18. Bf4 Nd7 19. Rd1 Nf6 20. Re2 Bd7 21. c4 Bc5 22. Be3 Rfe8 23. Ng3 Bd6 24. Bd4 Rxe2 25. Nxe2 Re8 26. Re1 Rc8 27. Bxf6 gxf6 28. Rc1 Bf5 29. b3 Kf8 30. Ned4 Bd7 31. Nh4 Re8 32. Nhf3 Bc5 33. Kf1 Re4 34. Ne2 Bb4 35. Ng3 Re7 36. Nd4 Re5 37. Nc2 Bc3 38. a3 b5 39. f4 Re8 40. c5 Bd2 41. Rd1 Bxf4 42. Ne2 Be5 43. Ned4 Rd8 44. b4 Be8 45. Nf3 Bg3 46. Ne3 Bf4 47. Ke2 Bd7 48. Kf2 Ke8 49. d6 Rc8 50. Nd5 1-0

[Event "Pinneberg-ch"]
[Site "Pinneberg"]
[Date "2010.09.02"]
[Round "2"]
[White "Atri, Jamshid"]
[Black "Juers, Juergen"]
[Result "1-0"]
[WhiteElo "2038"]
[BlackElo "1721"]
[PlyCount "89"]
[EventDate "2010.08.26"]
[EventType "swiss"]
[EventRounds "7"]
[EventCountry "GER"]
[SourceTitle "EXT 2011"]
[Source "ChessBase"]
[SourceDate "2010.11.26"]
[SourceVersion "1"]
[SourceVersionDate "2010.11.26"]
[SourceQuality "1"]

1. e4 c5 2. Nf3 Nc6 3. d4 cxd4 4. Nxd4 Nf6 5. Nc3 e5 6. Ndb5 d6 7. Nd5 Nxd5 8. exd5 Nb8 9. c4 Nd7 10. Be2 Be7 11. 0-0 0-0 12. Kh1 f5 13. f4 e4 14. Be3 a6 15. Nd4 Nf6 16. b4 Kh8 17. a4 Bd7 18. a5 Ng4 19. Bxg4 fxg4 20. Qc2 Bf6 21. Qxe4 Re8 22. Ne6 Bxe6 23. dxe6 Bxa1 24. Rxa1 Qf6 25. Bd4 Qxe6 26. Qxb7 Qe7 27. Qd5 Qe6 28. Qg5 Qd7 29. f5 Re4 30. Rd1 Rae8 31. Kg1 Qe7 32. f6 Re1+ 33. Kf2 Re2+ 34. Kg3 Qf7 35. Qxg7+ Qxg7 36. fxg7+ Kg8 37. b5 axb5 38. cxb5 Ra2 39. a6 Ra4 40. a7 Re4 41. b6 Ra3+ 42. Kf2 Ra2+ 43. Kf1 Rf4+ 44. Kg1 Rf7 45. Ra1 1-0

[Event "Pinneberg op Seniors 11th"]
[Site "Pinneberg"]
[Date "2010.07.22"]
[Round "5"]
[White "Ristic, Sreten"]
[Black "Juers, Juergen"]
[Result "0-1"]
[WhiteElo "1807"]
[BlackElo "1680"]
[PlyCount "130"]
[EventDate "2010.06.24"]
[EventType "swiss"]
[EventRounds "7"]
[EventCountry "GER"]
[SourceTitle "EXT 2011"]
[Source "ChessBase"]
[SourceDate "2010.11.26"]
[SourceVersion "1"]
[SourceVersionDate "2010.11.26"]
[SourceQuality "1"]

1. Nf3 d5 2. d3 c5 3. g3 Nc6 4. Bg2 g6 5. 0-0 Bg7 6. c3 e6 7. Nbd2 Nge7 8. Qc2 b6 9. e4 0-0 10. Re1 a5 11. a3 Ra7 12. Nf1 d4 13. c4 e5 14. h3 h6 15. Kh2 g5 16. Ng1 Ng6 17. Ne2 Qd6 18. Kh1 f5 19. exf5 Bxf5 20. g4 Be6 21. Neg3 Raf7 22. Ne4 Qc7 23. Nfg3 Nh4 24. Re2 Nxg2 25. Kxg2 Ne7 26. Bd2 Ng6 27. b4 Nh4+ 28. Kf1 axb4 29. axb4 Rf3 30. bxc5 bxc5 31. Kg1 Rc8 32. Ra5 Bf8 33. Bc1 Qxa5 34. Nd2 Qc3 35. Nxf3 Nxf3+ 36. Kf1 Qxc2 37. Rxc2 Rb8 38. Ke2 Ng1+ 39. Kf1 Nxh3 40. f3 Rb1 41. Ke1 Nf4 42. Kd2 Bf7 43. Ne4 Ne6 44. Ra2 Rb7 45. Kc2 Kg7 46. Ng3 Nf4 47. Ra6 Bg6 48. Ne4 Bxe4 49. fxe4 Rf7 50. Rc6 Rf6 51. Rc7+ Kg6 52. Ba3 Ne6 53. Rc6 Kf7 54. Ra6 Rf4 55. Ra7+ Be7 56. Kd2 Rxg4 57. Ke2 h5 58. Kf3 Rf4+ 59. Kg2 g4 60. Bc1 Rf3 61. Ra3 Nf4+ 62. Kh1 Rf1+ 63. Kh2 Rxc1 64. Ra2 h4 65. Ra1 g3# 0-1

[Event "Pinneberg-ch"]
[Site "Pinneberg"]
[Date "2009.09.03"]
[Round "2"]
[White "Chaichi Tehrani, Fereydoon"]
[Black "Juers, Juergen"]
[Result "1-0"]
[WhiteElo "1118"]
[BlackElo "1702"]
[PlyCount "65"]
[EventDate "2009.08.27"]
[EventType "swiss"]
[EventRounds "7"]
[EventCountry "GER"]
[SourceTitle "EXT 2012"]
[Source "ChessBase"]
[SourceDate "2011.11.24"]
[SourceVersion "1"]
[SourceVersionDate "2011.11.24"]
[SourceQuality "1"]

1. e4 c5 2. Nc3 Nc6 3. d3 e6 4. Bf4 a6 5. Nf3 Nd4 6. Be2 d6 7. Qd2 e5 8. Be3 Nf6 9. Bg5 Be7 10. 0-0-0 Qa5 11. Kb1 Be6 12. Bxf6 Bxf6 13. Nxd4 cxd4 14. Nd5 Qd8 15. Nxf6+ Qxf6 16. Rhf1 0-0-0 17. f4 Qe7 18. Qb4 Qc7 19. Rc1 Kb8 20. c3 exf4 21. Rxf4 d5 22. g3 dxc3 23. Rxc3 Qd6 24. Qxd6+ Rxd6 25. e5 Rdd8 26. d4 Rc8 27. Rb3 Rc6 28. Bg4 Rhc8 29. a3 Bxg4 30. Rxg4 g6 31. Rf4 Rc2 32. Rxf7 Rxh2 33. Rbxb7+ 1-0

[Event "Pinneberg-ch"]
[Site "Pinneberg"]
[Date "2009.08.27"]
[Round "1"]
[White "Juers, Juergen"]
[Black "Nonnenmacher, Thomas"]
[Result "0-1"]
[WhiteElo "1702"]
[BlackElo "2213"]
[PlyCount "108"]
[EventDate "2009.08.27"]
[EventType "swiss"]
[EventRounds "7"]
[EventCountry "GER"]
[SourceTitle "EXT 2012"]
[Source "ChessBase"]
[SourceDate "2011.11.24"]
[SourceVersion "1"]
[SourceVersionDate "2011.11.24"]
[SourceQuality "1"]

1. d4 Nf6 2. Nf3 c5 3. e3 e6 4. Bd3 d5 5. b3 Bd6 6. Bb2 0-0 7. 0-0 Nc6 8. a3 Re8 9. Ne5 Bxe5 10. dxe5 Nd7 11. f4 f5 12. Be2 b6 13. g4 Ne7 14. g5 Bb7 15. Bh5 Rf8 16. Nd2 Qc7 17. c4 Rad8 18. Qc2 Nb8 19. Be2 Nbc6 20. Nf3 Rd7 21. Rad1 Rfd8 22. Rd2 d4 23. exd4 Nxd4 24. Nxd4 cxd4 25. Bf3 d3 26. Qd1 Be4 27. Qe1 Qc6 28. Qe3 Ng6 29. Bd1 a6 30. a4 b5 31. cxb5 axb5 32. axb5 Qxb5 33. Ba3 Rc8 34. Rff2 Rdc7 35. Bb2 Qb7 36. h3 Ne7 37. Kh2 Nd5 38. Qe1 Nb4 39. Qe3 Qa8 40. Qb6 Nc6 41. Qe3 Qb7 42. h4 Qb4 43. h5 Na5 44. Qd4 Qb5 45. b4 Nc4 46. Bb3 Qxb4 47. Bxc4 Rxc4 48. Qd7 Bd5 49. h6 R4c7 50. Qd6 Qe4 51. Kg3 gxh6 52. gxh6 Kh8 53. Kh4 Qh1+ 54. Rh2 Qg1 0-1

[Event "Hamburg-ch Seniors op 13th"]
[Site "Hamburg"]
[Date "2006.11.03"]
[Round "9"]
[White "Juers, Juergen"]
[Black "Bobzin, Volker"]
[Result "1-0"]
[WhiteElo "1695"]
[BlackElo "1488"]
[PlyCount "73"]
[EventDate "2006.10.27"]
[EventType "swiss"]
[EventRounds "9"]
[EventCountry "GER"]
[SourceTitle "EXT 2022"]
[Source "ChessBase"]
[SourceDate "2021.10.06"]
[SourceVersion "1"]
[SourceVersionDate "2021.10.06"]
[SourceQuality "1"]

1. Nf3 Nf6 2. g3 c6 3. d4 d5 4. Bg2 e6 5. 0-0 Be7 6. c4 0-0 7. c5 b6 8. b4 Nbd7 9. Nc3 Bb7 10. Re1 Re8 11. Bf4 b5 12. e4 dxe4 13. Nxe4 Nxe4 14. Rxe4 Nf6 15. Re1 Nd5 16. Qd2 a5 17. a3 Nxf4 18. Qxf4 Bf6 19. Ne5 Qc7 20. Qe3 a4 21. f4 Rad8 22. Rad1 Re7 23. Rd2 g6 24. Red1 Bg7 25. g4 f6 26. Nf3 Rde8 27. Rd3 Bc8 28. h3 e5 29. fxe5 fxe5 30. Nxe5 Bxe5 31. dxe5 Rxe5 32. Qg3 Qe7 33. Bxc6 Bxg4 34. hxg4 Re1+ 35. Rxe1 Qxe1+ 36. Qxe1 Rxe1+ 37. Kf2 1-0

[Event "Hamburg-ch Seniors op 13th"]
[Site "Hamburg"]
[Date "2006.11.02"]
[Round "7"]
[White "Juers, Juergen"]
[Black "Bartlitz, Heinz"]
[Result "1/2-1/2"]
[WhiteElo "1695"]
[BlackElo "1590"]
[PlyCount "66"]
[EventDate "2006.10.27"]
[EventType "swiss"]
[EventRounds "9"]
[EventCountry "GER"]
[SourceTitle "EXT 2022"]
[Source "ChessBase"]
[SourceDate "2021.10.06"]
[SourceVersion "1"]
[SourceVersionDate "2021.10.06"]
[SourceQuality "1"]

1. Nf3 f5 2. d4 Nf6 3. c4 g6 4. Nc3 d6 5. g3 Bg7 6. Bg2 0-0 7. 0-0 Qe8 8. e4 fxe4 9. Ng5 c6 10. Ngxe4 Nxe4 11. Nxe4 Nd7 12. Be3 Nf6 13. Qd2 Nxe4 14. Bxe4 Bf5 15. Bg2 Qd7 16. Bh6 Bh3 17. Bxh3 Qxh3 18. Bxg7 Kxg7 19. f4 Qf5 20. Qe2 h5 21. Qxe7+ Qf7 22. Rae1 Rae8 23. Qxf7+ Kxf7 24. Rxe8 Rxe8 25. Kf2 Re4 26. Rd1 Kf6 27. Kf3 d5 28. b4 Kf5 29. c5 g5 30. fxg5 Kxg5 31. h4+ Kf5 32. a4 a6 33. b5 a5 1/2-1/2

[Event "Hamburg-ch Seniors op 13th"]
[Site "Hamburg"]
[Date "2006.10.30"]
[Round "4"]
[White "Hitzker, Johann"]
[Black "Juers, Juergen"]
[Result "0-1"]
[WhiteElo "1419"]
[BlackElo "1695"]
[PlyCount "116"]
[EventDate "2006.10.27"]
[EventType "swiss"]
[EventRounds "9"]
[EventCountry "GER"]
[SourceTitle "EXT 2022"]
[Source "ChessBase"]
[SourceDate "2021.10.06"]
[SourceVersion "1"]
[SourceVersionDate "2021.10.06"]
[SourceQuality "1"]

1. e4 c5 2. Nf3 Nc6 3. d4 cxd4 4. Nxd4 Nf6 5. Nxc6 bxc6 6. Bd3 e6 7. 0-0 Be7 8. Be3 0-0 9. f4 d6 10. Nd2 Qc7 11. c3 Ne8 12. Qc2 f5 13. Nb3 fxe4 14. Bxe4 Nf6 15. Bf3 Bd7 16. Rac1 Rac8 17. Qf2 c5 18. Nd2 Bc6 19. Qe2 Bxf3 20. Rxf3 d5 21. Nf1 e5 22. fxe5 Qxe5 23. Qd1 Ne4 24. Qe2 Rxf3 25. Qxf3 Rf8 26. Qe2 Nd6 27. Re1 Nf5 28. Bf2 Qxe2 29. Rxe2 Kf7 30. g4 Nh6 31. Rxe7+ Kxe7 32. Bxc5+ Kf7 33. Bxf8 Kxf8 34. h3 Ke7 35. Kf2 Ke6 36. Kf3 Ke5 37. Ke3 Nf7 38. Nd2 Kd6 39. Kf4 Ne5 40. Ke3 a5 41. b3 Nc6 42. Nf3 h6 43. Nd4 Ne7 44. Nf5+ Nxf5+ 45. gxf5 Ke5 46. a4 Kxf5 47. b4 axb4 48. cxb4 Ke5 49. a5 Kd6 50. b5 g5 51. b6 Kc6 52. Kd4 h5 53. Ke3 Kb7 54. Kf3 Ka6 55. Ke3 Kb7 56. Kd4 Kc6 57. Ke5 g4 58. h4 g3 0-1

[Event "Pinneberg-ch"]
[Site "Pinneberg"]
[Date "2006.08.25"]
[Round "2.20"]
[White "Meyerhold, Sven"]
[Black "Juers, Juergen"]
[Result "1-0"]
[WhiteElo "1944"]
[BlackElo "1684"]
[PlyCount "41"]
[EventDate "2006.08.22"]
[EventType "swiss"]
[EventRounds "7"]
[EventCountry "GER"]
[SourceTitle "EXT 2007"]
[Source "ChessBase"]
[SourceDate "2006.11.23"]
[SourceVersion "1"]
[SourceVersionDate "2006.11.23"]
[SourceQuality "1"]

1. e4 d5 2. exd5 Qxd5 3. Nc3 Qa5 4. d4 Nf6 5. Bc4 Bf5 6. Bd2 Qb6 7. Nf3 e6 8. Bb3 c6 9. Qe2 Nbd7 10. 0-0-0 Qc7 11. Ne5 Be7 12. g4 Bg6 13. f4 0-0-0 14. f5 Nxe5 15. dxe5 exf5 16. exf6 Bxf6 17. g5 Rhe8 18. Qf2 Bd4 19. Qh4 Re7 20. Rhe1 Rde8 21. Qxd4 1-0

[Event "Hamburg Seniors op 11th"]
[Site "Hamburg"]
[Date "2004.11.14"]
[Round "4"]
[White "Feddersen, Berend"]
[Black "Juers, Juergen"]
[Result "1-0"]
[WhiteElo "1828"]
[BlackElo "1743"]
[PlyCount "73"]
[EventDate "2004.11.12"]
[EventType "swiss"]
[EventRounds "7"]
[EventCountry "GER"]
[SourceTitle "EXT 2006"]
[Source "ChessBase"]
[SourceDate "2005.11.24"]
[SourceVersion "1"]
[SourceVersionDate "2005.11.24"]
[SourceQuality "1"]

1. c4 c5 2. Nc3 Nc6 3. g3 Nf6 4. Bg2 g6 5. e3 e6 6. Nge2 Bg7 7. 0-0 0-0 8. d4 cxd4 9. Nxd4 d5 10. cxd5 Nxd4 11. exd4 Nxd5 12. Nxd5 exd5 13. Qb3 Be6 14. Bf4 Qd7 15. Rfe1 Rfc8 16. Be5 Rc6 17. Bxg7 Kxg7 18. Re5 Rd8 19. Rae1 Rd6 20. h4 Qc6 21. Qe3 Qd7 22. h5 Rc8 23. h6+ Kg8 24. f4 Rf8 25. f5 Bxf5 26. Re7 Re6 27. Rxd7 Rxe3 28. Rxe3 Bxd7 29. Bxd5 Re8 30. Rxe8+ Bxe8 31. Bxb7 Kf8 32. Kf2 Ke7 33. Ke3 Kf6 34. Kf4 g5+ 35. Ke4 Kg6 36. d5 f6 37. Bc6 1-0

[Event "Hamburg Seniors op 11th"]
[Site "Hamburg"]
[Date "2004.11.12"]
[Round "2"]
[White "Juers, Juergen"]
[Black "Schulz, Hans Juergen"]
[Result "0-1"]
[WhiteElo "1743"]
[BlackElo "2055"]
[PlyCount "104"]
[EventDate "2004.11.12"]
[EventType "swiss"]
[EventRounds "7"]
[EventCountry "GER"]
[SourceTitle "EXT 2006"]
[Source "ChessBase"]
[SourceDate "2005.11.24"]
[SourceVersion "1"]
[SourceVersionDate "2005.11.24"]
[SourceQuality "1"]

1. Nf3 d5 2. g3 c5 3. Bg2 Nc6 4. 0-0 e5 5. d3 Be7 6. Nbd2 Nf6 7. c4 Be6 8. cxd5 Nxd5 9. Nc4 f6 10. a4 0-0 11. b3 Kh8 12. Bb2 Qd7 13. Re1 Rad8 14. Qd2 Bh3 15. Bh1 Qe6 16. Red1 Ndb4 17. Ne1 f5 18. Nf3 e4 19. Ng5 Bxg5 20. Qxg5 Nd4 21. Bxd4 Rxd4 22. dxe4 h6 23. Qc1 fxe4 24. e3 Qf6 25. Qb2 Nd3 26. Rxd3 Rxd3 27. Qxf6 Rxf6 28. Bxe4 Rxb3 29. Na5 Rb2 30. Rd1 Rbxf2 31. Rd8+ Rf8 32. Rxf8+ Rxf8 33. Bg2 Bxg2 34. Kxg2 b6 35. Nc4 Rf6 36. e4 a6 37. e5 Re6 38. Kf3 Kg8 39. Ke4 Kf8 40. Kd5 Ke7 41. Ne3 g6 42. h4 b5 43. axb5 axb5 44. Ng2 c4 45. Ne3 Kd7 46. Nc2 Re8 47. Ke4 Kc6 48. Nb4+ Kc5 49. Na6+ Kb6 50. Nb4 Ka5 51. Nc6+ Ka4 52. Kd4 c3 0-1

[Event "Pinneberg-ch"]
[Site "Pinneberg"]
[Date "2004.09.23"]
[Round "7"]
[White "Juers, Juergen"]
[Black "Bohn, Christoph"]
[Result "1/2-1/2"]
[WhiteElo "1743"]
[BlackElo "1823"]
[PlyCount "124"]
[EventDate "2004.08.12"]
[EventType "swiss"]
[EventRounds "7"]
[EventCountry "GER"]
[SourceTitle "EXT 2005"]
[Source "ChessBase"]
[SourceDate "2004.11.15"]
[SourceVersion "1"]
[SourceVersionDate "2004.11.15"]
[SourceQuality "1"]

1. e4 g6 2. Nf3 d6 3. d3 Bg7 4. g3 c5 5. Bg2 Nc6 6. 0-0 e6 7. c3 Nge7 8. Be3 0-0 9. Qd2 Re8 10. d4 b6 11. Qc2 Bb7 12. Rd1 Qc7 13. Na3 a6 14. Rac1 cxd4 15. cxd4 d5 16. Bf4 Qd7 17. e5 Rac8 18. Qd2 Rc7 19. Rc2 Rec8 20. Rdc1 Na5 21. b3 Rxc2 22. Rxc2 Rxc2 23. Qxc2 Qc6 24. Qd2 Qc8 25. Bh6 Nf5 26. Bxg7 Kxg7 27. g4 Ne7 28. Nc2 h6 29. Bf1 Nac6 30. Bd3 a5 31. a3 Ba6 32. Qe2 Bxd3 33. Qxd3 Na7 34. Nfe1 g5 35. Ng2 Ng6 36. Nce1 Qc1 37. b4 axb4 38. axb4 Nf4 39. Qe3 Qxe3 40. fxe3 Ne2+ 41. Kf2 Nc3 42. Nd3 Nc6 43. Nge1 Kg6 44. Nc2 h5 45. h3 hxg4 46. hxg4 Ne4+ 47. Kf3 Na7 48. Na3 Nd2+ 49. Ke2 Nc4 50. Nxc4 dxc4 51. Nb2 b5 52. Nd1 Nc6 53. Nc3 Nxb4 54. Nxb5 Nd5 55. Nd6 c3 56. Nc4 f5 57. exf6 Nxf6 58. Ne5+ Kg7 59. Kd3 Nd5 60. Nf3 c2 61. Kxc2 Nxe3+ 62. Kd3 Nxg4 1/2-1/2

[Event "Pinneberg-ch"]
[Site "Pinneberg"]
[Date "2004.09.09"]
[Round "5"]
[White "Juers, Juergen"]
[Black "Holzweissig, Hans Joachim"]
[Result "1-0"]
[WhiteElo "1743"]
[BlackElo "1642"]
[PlyCount "135"]
[EventDate "2004.08.12"]
[EventType "swiss"]
[EventRounds "7"]
[EventCountry "GER"]
[SourceTitle "EXT 2005"]
[Source "ChessBase"]
[SourceDate "2004.11.15"]
[SourceVersion "1"]
[SourceVersionDate "2004.11.15"]
[SourceQuality "1"]

1. d4 g6 2. e4 Bg7 3. Nf3 d6 4. Be3 Nf6 5. Nbd2 0-0 6. g3 Nbd7 7. Bg2 Ng4 8. Qe2 Nxe3 9. Qxe3 c5 10. c3 Rb8 11. 0-0 b6 12. Rab1 Bb7 13. Rfd1 Qe8 14. d5 b5 15. Bf1 a6 16. b3 Nf6 17. Bh3 Bc8 18. Bg2 Ng4 19. Qd3 f5 20. Rbc1 fxe4 21. Qxe4 Bf5 22. Qe2 Ne5 23. Nxe5 Bxe5 24. Re1 Qf7 25. Ne4 Qg7 26. f4 Bxe4 27. fxe5 Bxg2 28. Kxg2 dxe5 29. Qxe5 Qxe5 30. Rxe5 Rf7 31. Rce1 Re8 32. c4 Kf8 33. Re6 Rb8 34. cxb5 axb5 35. Rc1 c4 36. Rc6 Ra8 37. Rc2 Rf5 38. bxc4 bxc4 39. R6xc4 Rxd5 40. Rc8+ Rxc8 41. Rxc8+ Kf7 42. Rc2 Ke6 43. a4 Ra5 44. Ra2 Kd5 45. Kf3 e5 46. Ke3 Kc4 47. Ke4 Kb3 48. Re2 Rc5 49. Rf2 Kxa4 50. Rf7 h5 51. Rf6 Rc4+ 52. Kxe5 Rc5+ 53. Kd4 Rg5 54. Kc4 Ka5 55. Kd4 Kb5 56. Rd6 Rg4+ 57. Ke5 h4 58. Rd4 Rxd4 59. Kxd4 hxg3 60. hxg3 Kc6 61. Ke5 Kd7 62. Kf6 g5 63. Kxg5 Ke7 64. Kg6 Ke6 65. g4 Ke7 66. Kg7 Ke6 67. g5 Ke7 68. Kh7 1-0

[Event "Pinneberg-ch"]
[Site "Pinneberg"]
[Date "2004.08.12"]
[Round "1"]
[White "Juers, Juergen"]
[Black "Putzbach, Gerd"]
[Result "0-1"]
[WhiteElo "1743"]
[BlackElo "2268"]
[PlyCount "42"]
[EventDate "2004.08.12"]
[EventType "swiss"]
[EventRounds "7"]
[EventCountry "GER"]
[SourceTitle "EXT 2005"]
[Source "ChessBase"]
[SourceDate "2004.11.15"]
[SourceVersion "1"]
[SourceVersionDate "2004.11.15"]
[SourceQuality "1"]

1. Nf3 d5 2. g3 c5 3. Bg2 Nc6 4. d3 e5 5. 0-0 Nge7 6. c3 g6 7. b3 Bg7 8. Bb2 0-0 9. Qc2 f5 10. Nbd2 e4 11. Ne1 Be6 12. Rb1 Rc8 13. a3 Qd6 14. e3 Rfd8 15. Rd1 b5 16. Qb1 g5 17. f4 gxf4 18. gxf4 d4 19. dxe4 dxe3 20. e5 Qd7 21. Nef3 e2 0-1